Premier League Argentine Best Scorer by Year - Statistics

General Stats
  • This quiz has been taken 1,030 times
    358 since last reset
  • The average score is 8 of 14
Answer Stats
Scorer % Correct
Sergio Agüero
99%
Carlos Tevez
92%
Enzo Fernández
92%
Alejandro Garnacho
90%
Julián Álvarez
90%
Alexis Mac Allister
73%
Juan Sebastián Verón
64%
Hernán Crespo
60%
Manuel Lanzini
46%
Gabriel Heinze
33%
Facundo Sava
7%
Julio Arca
7%
Daniel Cordone
3%
Horacio Carbonari
3%
No matching quizzes found
Score Distribution
Percent of People with Each Score
Percentile by Number Answered
Your Score History
You have not taken this quiz since the last reset